| 000 | 00000nam##2200000za#4500 |
| 001 | 9.625683 |
| 003 | CaOODSP |
| 005 | 20200421163413 |
| 007 | ta |
| 008 | 150406|2000||||xxc||||| f|0| 0 fre|d |
| 020 | |a0-662-85963-4 |
| 040 | |aCaOODSP|bfre |
| 043 | |an-cn--- |
| 086 | 1 |aNH18-24/1F |
| 110 | 2 |aSociété canadienne d'hypothèques et de logement. |
| 245 | 10|aMesurer l'humidité dans votre maison : |bavez-vous un problème d'humidité? |
| 260 | |aOttawa - Ontario : |bSociété canadienne d'hypothèques et de logement |c2000. |
| 300 | |a6p. : |bill. ; |c28 cm. |
| 490 | 1 |aVotre maison|vCF1 |
| 563 | |aDépliant |
| 590 | |a01-22|b2001-06-01 |
| 691 | 07|aQualité de l'air|2gcpds |
| 691 | 07|aLogement|2gcpds |
| 775 | 08|tMeasuring humidity in your home : |w(CaOODSP)9.615632 |
| 776 | 0#|tMesurer l'humidité dans votre maison : |w(CaOODSP)9.602217 |
| 830 | #0|aVotre maison ;|vCF1|w(CaOODSP)9.513181 |